Central Library OPAC University of Rajshahi

আবদুল করিম সাহিত্য-বিশারদ: (Record no. 44248)

MARC details
000 -LEADER
fixed length control field 01456nam a2200277 a 4500
001 - CONTROL NUMBER
control field 44248
003 - CONTROL NUMBER IDENTIFIER
rucl marc code BD-RjUL
005 - DATE AND TIME OF LATEST TRANSACTION
control field 20211209053825.0
008 - FIXED-LENGTH DATA ELEMENTS--GENERAL INFORMATION
fixed length control field 160717s1969 pk a|||| |||| 00| 0 ben d
020 ## - INTERNATIONAL STANDARD BOOK NUMBER
Terms of availability :PRs. 6.50
035 ## - SYSTEM CONTROL NUMBER
System control number (BD-RjUL)44366
040 ## - CATALOGING SOURCE
Original cataloging agency BD-RjUL
Language of cataloging ben/eng
Transcribing agency BD-RjUL
Modifying agency BD-RjUL
041 ## - LANGUAGE CODE
Language code of text/sound track or separate title ben
082 ## - DEWEY DECIMAL CLASSIFICATION NUMBER
Edition number 23
Classification number 891.44092
Author mark and year ABD 1969
245 00 - TITLE STATEMENT
Title আবদুল করিম সাহিত্য-বিশারদ:
Remainder of title স্মারক গ্রন্থ /
Statement of responsibility, etc. সম্পাদনায়: মুহম্মদ এনামুল হক, কবীর চৌধুরী
260 ## - PUBLICATION, DISTRIBUTION, ETC. (IMPRINT)
Place of publication, distribution, etc. ঢাকা :
Name of publisher, distributor, etc. বাঙলা একাডেমী,
Date of publication, distribution, etc. ১৯৬৯
300 ## - PHYSICAL DESCRIPTION
Pagination [৮], ২২৬, ২৯, [১] পৃ :
Illustrations চিত্র ;
Size ২২ সেমি.
490 ## - SERIES STATEMENT
Series statement বা-এ ;
Volume/sequential designation ২৯০
504 ## - BIBLIOGRAPHY, ETC. NOTE
Bibliography, etc বইয়ের শেষে প্রবন্ধপঞ্জী ও গ্রন্থপঞ্জী সংযুক্ত আছে।
600 ## - SUBJECT ADDED ENTRY--PERSONAL NAME
Personal name করিম, আবদুল,
Titles and other words associated with a name সাহিত্য-বিশারদ,
Dates associated with a name ১৮৭১-১৯৫৩
General subdivision জীবনী
Personal name Karim, Abdul,
Titles and other words associated with a name Sahitya-Bisharod
Dates associated with a name 1871-1953
General subdivision Biography
700 ## - ADDED ENTRY--PERSONAL NAME
Personal name হক, মুহম্মদ এনামুল, সম্পাদক
Personal name চৌধুরী, কবীর, যুগ্ম সম্পাদক
830 ## - SERIES ADDED ENTRY--UNIFORM TITLE
Uniform title বা-এ ;
Volume number/sequential designation ২৯০
942 ## - ADDED ENTRY ELEMENTS (KOHA)
Source of classification or shelving scheme Dewey Decimal Classification
Koha item type Books
Holdings
Lost status Source of classification or shelving scheme Damaged status Not for loan Collection code Permanent Location Current Location Shelving location Date acquired Source of acquisition Cost, normal purchase price Total Checkouts Full call number Date last seen Copy number Koha item type
  Dewey Decimal Classification   Not For Loan Fiction Central Library, University of Rajshahi Central Library, University of Rajshahi Reading Room 10/01/1975 Dacca, Bangla Academy 6.50   B 891.44092 ABD 1969 04/12/2019 C-1 Books
  Dewey Decimal Classification     Fiction Central Library, University of Rajshahi Central Library, University of Rajshahi   10/01/1975 Dacca, Bangla Academy 6.50   B 891.44092 ABD 1969 04/12/2019 C-2 Books
  Dewey Decimal Classification     Fiction Central Library, University of Rajshahi Central Library, University of Rajshahi   10/01/1975 Dacca, Bangla Academy 6.50   B 891.44092 ABD 1969 04/12/2019 C-3 Books
  Dewey Decimal Classification     Fiction Central Library, University of Rajshahi Central Library, University of Rajshahi   10/01/1975 Dacca, Bangla Academy 6.50   B 891.44092 ABD 1969 04/12/2019 C-4 Books
  Dewey Decimal Classification     Fiction Central Library, University of Rajshahi Central Library, University of Rajshahi   10/01/1975 Dacca, Bangla Academy 6.50   B 891.44092 ABD 1969 04/12/2019 C-5 Books
  Dewey Decimal Classification     Fiction Central Library, University of Rajshahi Central Library, University of Rajshahi   10/01/1975 Dacca, Bangla Academy 6.50   B 891.44092 ABD 1969 04/12/2019 C-6 Books
  Dewey Decimal Classification     Fiction Central Library, University of Rajshahi Central Library, University of Rajshahi   10/01/1975 Dacca, Bangla Academy 6.50   B 891.44092 ABD 1969 04/12/2019 C-7 Books
  Dewey Decimal Classification     Fiction Central Library, University of Rajshahi Central Library, University of Rajshahi   10/01/1975 Dacca, Bangla Academy 6.50   B 891.44092 ABD 1969 04/12/2019 C-8 Books
  Dewey Decimal Classification     Fiction Central Library, University of Rajshahi Central Library, University of Rajshahi   10/01/1975 Dacca, Bangla Academy 6.50   B 891.44092 ABD 1969 04/12/2019 C-9 Books
  Dewey Decimal Classification     Fiction Central Library, University of Rajshahi Central Library, University of Rajshahi   17/05/1974 Dacca, Bangla Academy 6.50   B 891.44092 ABD 1969 04/12/2019 C-10 Books